Effective prosecution of corruption : Report on the master training seminar, ADB-OECD anti-corruption initiative for Asia-Pacific combating corruption in the new millennium
Contents: The challenge of prosecuting corrupt businessmen and politicians; Prosecuting bribery effectively; Case studies and experience from selected countries.
সংরক্ষণ করুন:
| বিন্যাস: | গ্রন্থ |
|---|---|
| ভাষা: | Undetermined |
| প্রকাশিত: |
Manila
Asian Development Bank
2003
|
| বিষয়গুলি: | |
| ট্যাগগুলো: |
ট্যাগ যুক্ত করুন
কোনো ট্যাগ নেই, প্রথমজন হিসাবে ট্যাগ করুন!
|
| Thư viện lưu trữ: | Trung tâm Học liệu Trường Đại học Cần Thơ |
|---|
| LEADER | 00861nam a2200193Ia 4500 | ||
|---|---|---|---|
| 001 | CTU_189540 | ||
| 008 | 210402s9999 xx 000 0 und d | ||
| 082 | |a 364.1323 | ||
| 082 | |b E27 | ||
| 245 | 0 | |a Effective prosecution of corruption : | |
| 245 | 0 | |b Report on the master training seminar, ADB-OECD anti-corruption initiative for Asia-Pacific combating corruption in the new millennium | |
| 245 | 0 | |c ADB-OECD Anti-Corruption Initiative for Asia-Pacific, Asian Development Bank | |
| 260 | |a Manila | ||
| 260 | |b Asian Development Bank | ||
| 260 | |c 2003 | ||
| 520 | |a Contents: The challenge of prosecuting corrupt businessmen and politicians; Prosecuting bribery effectively; Case studies and experience from selected countries. | ||
| 650 | |a Political corruption,Tham nhũng | ||
| 904 | |i Giang | ||
| 980 | |a Trung tâm Học liệu Trường Đại học Cần Thơ | ||